000 00276nam a22001337a 4500
008 171127b xxu||||| |||| 00| 0 eng d
020 _a9780071431187
041 _aeng
080 _a311
100 _a55
101 _aSTA
245 _aSTATISTICS
_cSTAN.G
942 _2udc
_cBK
999 _c38531
_d38531